Les 20 villes les plus peuplées de Charente-Maritime - Statistiques

Statistiques générales
  • Ce quiz a été pris 121 fois
  • Le résultat moyen est 8 sur 20
Statistiques - réponses
Population Villes % Correct
78 535 La Rochelle
99%
23 092 Rochefort
95%
25 518 Saintes
93%
19 029 Royan
86%
6 705 Saint-Jean-d'Angély
64%
9 578 Aytré
48%
6 825 Surgères
47%
6 227 Châtelaillon-Plage
40%
7 183 Saujon
37%
6 175 Marennes-Hiers-Brouage
33%
7 387 Lagord
31%
6 627 Saint-Pierre-d'Oléron
28%
8 741 Périgny
27%
6 635 Puilboreau
27%
8 195 Tonnay-Charente
24%
5 170 Saint-Georges-de-Didonne
23%
5 961 Dompierre-sur-Mer
12%
4 961 Sainte-Soulle
9%
5 384 Saint-Xandre
8%
5 798 Nieuil-sur-Mer
1%
Aucun quiz correspondant
Distribution des résultats
% des personnes avec chaque résultat
Percentile par nombre de réponses
Votre historique - résultats
Vous n’avez pas pris ce quiz